|
|
|
|
| LEADER |
01099cam a2200289 a 4500 |
| 001 |
AAL3150 |
| 003 |
BD-DhAAL |
| 005 |
20160423152127.0 |
| 008 |
160423s2000 bg b 000 0 eng |
| 010 |
|
|
|a 00403248
|
| 020 |
|
|
|a 9848120300
|
| 040 |
|
|
|a DLC
|c DLC
|d DLC
|d BD-DhAAL
|
| 050 |
0 |
0 |
|a JQ98.A2
|b U73 2000
|
| 082 |
|
|
|a 341.24/7
|
| 245 |
0 |
0 |
|a Urban governance in Asia :
|b sub-regional and city perspectives /
|c edited by Nazrul Islam.
|
| 260 |
|
|
|a Dhaka, Bangladesh :
|b Centre for Urban Studies ;
|b Pathak Shamabesh,
|c 2000.
|
| 300 |
|
|
|a xiv, 216 p. ;
|c 22 cm.
|
| 504 |
|
|
|a Includes bibliographical references.
|
| 520 |
|
|
|a Contributed articles.
|
| 650 |
|
0 |
|a Regionalism
|z South Asia.
|9 19200
|
| 651 |
|
0 |
|a South Asia
|x Politics and government.
|9 19201
|
| 700 |
1 |
|
|a Islam, Nazrul,
|d 1941-
|9 19202
|
| 710 |
2 |
|
|a University of Dhaka.
|b Centre for Urban Studies.
|9 19203
|
| 942 |
|
|
|2 ddc
|c BK
|
| 955 |
|
|
|a wd32;10/24/2000
|
| 999 |
|
|
|c 37463
|d 37463
|
| 952 |
|
|
|0 0
|1 0
|2 ddc
|4 0
|6 341_240000000000000_7_URB
|7 0
|9 58820
|a SCL
|b SCL
|c GEN
|d 2016-04-23
|g 325.00
|l 0
|o 341.247 URB
|p 3020003150
|r 2016-04-23
|t 1
|w 2016-04-23
|y BK
|